000 00724cam a22002531 4500
999 _c10019
_d10019
001 10019
003 BD-JhCC
005 20180404122953.0
008 180404s1966 enka b 000 0 eng
035 _a(BD-JhCC)10019
040 _aDLC
_cDLC
_dDLC
_dBD-JhCC
041 _aeng
050 0 0 _aNK1710
_b.S3
082 0 0 _a747.2
_bSAV 1966
100 1 _aSavage, George,
_d1909-
245 1 2 _aA concise history of interior decoration /
_cGeorge Savage,
260 _aLondon :
_bThames & Hudson,
_c1966.
300 _a285 p.
_b201 illus. (incl. 31 col.)
_c22 cm.
490 0 _aThe World of art library, general
504 _aBibliography: p. 265-275.
650 0 _aInterior decoration.
942 _2ddc
_cREF